000 01453nam a2200373Ia 4500
999 _c9565
_d9565
001 9565
003 BD - JhCC
005 20180321190539.0
008 950713s1995 waua b 101 0 eng d
020 _a0819417912
035 _a(BD - JhCC)9565
035 _a(OCoLC)32523520
040 _aLHL
_cLHL
_dMYG
041 _aeng
082 _a513
_bCAL 2001
090 _aTA418.9.S62
_bS526 1995
245 0 0 _aCalifornia Mathematics /
_cJennie Bennett...[et.all.].
246 3 0 _aSmart structures and materials 1995
260 _aBellingham, Wash., USA :
_bSPIE,
_cc1995.
300 _ax, 566 p. :
_bill. ;
_c28 cm.
490 1 _aProceedings / SPIE--the International Society for Optical Engineering ;
_vv. 2442
500 _a"Cosponsored by American Society of Mechanical Engineers, Materials Research Society, Society for Experimental Mechanics, Inc."
504 _aIncludes bibliographic references and author index.
650 _aMathematics
_xStudy and teaching (Elementary)
700 1 _aVaradan, V. V.,
_d1948-
710 2 _aSociety of Photo-optical Instrumentation Engineers.
710 2 _aSociety for Experimental Mechanics (U.S.)
830 0 _aProceedings of SPIE--the International Society for Optical Engineering ;
_vv. 2442.
856 4 1 _uhttp://spiedigitallibrary.org/proceedings/resource/2/psisdg/2442/1
942 _2ddc
_cBK
949 _ae
_p39080009325827
956 4 1 _uhttp://libraries.mit.edu/get/spie